00382pab a2200133 454500008004000000100001800040245009400058260000900152300001500161362000800176650001400184650001500198773003500213180718b2017 xxu||||| |||| 00| 0 eng d aXu, Chenggang aCapitalism and socialism: a review of Kornai's dynamism, rivalry, and the surplus economy c2017 ap.191-208. aMar aSocialism aCapitalism aJournal of Economic Literature